Benim bir karışım / (Record no. 20850)

MARC details
000 -BAŞLIK
Sabit Uzunluktaki Kontrol Alanı 00651nam a22002177a 4500
003 - KONTROL NUMARASI KİMLİĞİ
Kontrol Alanı koha_MIRAKIL
005 - EN SON İŞLEM TARİHİ ve ZAMANI
Kontrol Alanı 20241016111318.0
008 - SABİT UZUNLUKTAKİ VERİ ÖGELERİ - GENEL BİLGİ
Sabit Alan 231213b |||||||| |||| 00| 0 ||| d
020 ## - ISBN - ULUSLARARASI STANDART KİTAP NUMARASI
Isbn 9789944717977
040 ## - KATALOGLAMA KAYNAĞI
Özgün Kataloglama Kurumu TR-IsEVY
Kataloglama Dili tur
Çeviri Kurumu TR-IsEVY
082 ## - DEWEY ONU SINIFLAMA SİSTEMİ
Sınıflama Numarası FIC AKB/B
100 ## - KİŞİ ADI
Yazar Adı (Kişi adı) Ak, Behiç.
245 #0 - ESER ADI BİLDİRİMİ
Başlık Benim bir karışım /
Sorumluluk Bildirimi Behiç Ak.
250 ## - BASIM BİLDİRİMİ
Basım Bildirimi 10. bs.
260 ## - YAYIN, DAĞITIM, VB.
Yayınevi Günışığı kitaplığı,
Yayın Tarihi 2015.
Yayın Yeri İstanbul :
300 ## - FİZİKSEL TANIMLAMA
Sayfa, Cilt vb. 68 s. :
Diğer fiziki detaylar renkli resimli ;
Boyutları 20 cm.
490 0# - DİZİ BİLDİRİMİ
Dizi Bildirimi Tombiş Kitaplar.
650 ## - KONU BAŞLIĞI EK GİRİŞ - KONU TERİMİ
Konusal terim veya coğrafi ad Children's literature -- Short stories, Turkish.
650 ## - KONU BAŞLIĞI EK GİRİŞ - KONU TERİMİ
Konusal terim veya coğrafi ad Çocuk edebiyatı -- Hikaye, Türk.
942 ## - EK GİRİŞ ÖGELERİ (KOHA)
Source of classification or shelving scheme Dewey Decimal Classification
Koha item type Kitap
Holdings
Kayıp Durumu Sınıflandırma Kaynağı Hasarlı Durumu Koleksiyon Kodu Kalıcı Konum Mevcut Konum Kayıt Tarih Edinim Kaynağı Toplam Ödünçverme Yer Numarası Demirbaş Numarası Son Görülme Tarihi Son Kontrol Tarihi Fatura Tarihi Materyal Türü
  Dewey Decimal Classification   İlkokul İLKOKUL KÜTÜPHANESİ İLKOKUL KÜTÜPHANESİ 16/10/2024 Satınalma 2 FIC AKB/B 21988 10/06/2025 04/06/2025 16/10/2024 Kitap